[Event "XtraCon-Skakligaen"]
[Site "Denmark"]
[Date "2009.01.25"]
[Round "6.3"]
[White "Jorgensen, Brian Jorgen"]
[Black "Nielsen, Nicholas Roland"]
[Result "1-0"]
[WhiteElo "2179"]
[BlackElo "2146"]
[PlyCount "103"]
[EventDate "2008.11.01"]
[EventType "team-tourn"]
[EventRounds "9"]
[EventCountry "DEN"]
[WhiteTeam "Nastved"]
[BlackTeam "Helsingor"]
[WhiteTeamCountry "DEN"]
[BlackTeamCountry "DEN"]

1. d4 Nf6 2. Nf3 g6 3. Nc3 d5 4. Bf4 c6 5. e3 Bg7 6. Be2 Nbd7 7. Ne5 Nxe5 8.
Bxe5 b5 9. g4 h6 10. h4 a5 11. Kf1 Kf8 12. Kg2 Be6 13. g5 Ne8 14. Bf4 Qd7 15.
a4 b4 16. Na2 hxg5 17. hxg5 Bh3+ 18. Kg1 f6 19. gxf6 Nxf6 20. Nc1 g5 21. Be5
Ne4 22. Nd3 Qf5 23. f3 Nf6 24. Nc5 Kf7 25. Bd3 Qc8 26. Kf2 g4 27. Qg1 Rh6 28.
Bf4 Rh5 29. c3 Bh6 30. Qb1 Qg8 31. Rg1 Bxf4 32. exf4 Rd8 33. Rg3 Qg7 34. Bf5
Rd6 35. Nb7 Qh6 36. Nxd6+ exd6 37. Qd3 Qxf4 38. Bg6+ Kg7 39. Bxh5 Nxh5 40. Rag1
Nxg3 41. Rxg3 Qc1 42. fxg4 Qf4+ 43. Qf3 Qd2+ 44. Qe2 Qf4+ 45. Rf3 Qh2+ 46. Ke3
Qg1+ 47. Kd2 bxc3+ 48. bxc3 Bxg4 49. Qe7+ Kg6 50. Rf6+ Kh5 51. Qh7+ Kg5 52.
Qh6# 1-0

[Event "XtraCon-Skakligaen"]
[Site "Denmark"]
[Date "2009.01.25"]
[Round "6.4"]
[White "Jorgensen, Michael"]
[Black "Flindt, Thomas"]
[Result "1-0"]
[WhiteElo "2186"]
[BlackElo "2179"]
[PlyCount "119"]
[EventDate "2008.11.01"]
[EventType "team-tourn"]
[EventRounds "9"]
[EventCountry "DEN"]
[WhiteTeam "Helsingor"]
[BlackTeam "Nastved"]
[WhiteTeamCountry "DEN"]
[BlackTeamCountry "DEN"]

1. d4 Nf6 2. c4 e5 3. dxe5 Ng4 4. Nf3 Bc5 5. e3 Nc6 6. Be2 O-O 7. O-O Re8 8.
Nbd2 Ngxe5 9. Nxe5 Nxe5 10. Ne4 Bf8 11. Ng3 Qh4 12. Qd4 Qh6 13. e4 Qf6 14. Be3
b6 15. Qd2 Bc5 16. Bxc5 bxc5 17. f4 Nc6 18. e5 Qe6 19. Rae1 Bb7 20. Bd3 Nd4 21.
f5 Qh6 22. Qxh6 gxh6 23. Be4 Bc6 24. Bd5 Kf8 25. Nh5 Ke7 26. Nf6 Bxd5 27. cxd5
Rh8 28. Ne4 Rab8 29. b3 Rb5 30. Rf4 Rg8 31. d6+ Kd8 32. Nf6 Rg5 33. g4 Ra5 34.
a4 Ra6 35. Ne4 cxd6 36. Nxd6 Ke7 37. Ne4 Rb6 38. Nxc5 Nxb3 39. Rd1 d6 40. f6+
Kd8 41. Ne6+ Kd7 42. Nxg5 hxg5 43. Rf5 Ke6 44. exd6 Rxd6 45. Rxd6+ Kxd6 46.
Rxg5 Ke6 47. Rb5 Nd4 48. Ra5 Nc6 49. Ra6 Kd7 50. Kf2 Kc7 51. Ke3 Kb7 52. Rxc6
Kxc6 53. Kd4 Kd6 54. g5 Ke6 55. Ke4 h6 56. h4 hxg5 57. hxg5 a5 58. Kf4 Kd7 59.
Kf5 Ke8 60. g6 1-0

[Event "XtraCon-Skakligaen"]
[Site "Denmark"]
[Date "2009.01.25"]
[Round "6.5"]
[White "Hansen, Evgenia Peicheva"]
[Black "Larsen, Ole Bogh"]
[Result "1/2-1/2"]
[WhiteElo "2140"]
[BlackElo "2274"]
[PlyCount "46"]
[EventDate "2008.11.01"]
[EventType "team-tourn"]
[EventRounds "9"]
[EventCountry "DEN"]
[WhiteTeam "Nastved"]
[BlackTeam "Helsingor"]
[WhiteTeamCountry "DEN"]
[BlackTeamCountry "DEN"]

1. d4 e6 2. Nf3 f5 3. g3 Nf6 4. Bg2 Be7 5. c4 O-O 6. O-O Ne4 7. Qc2 Bf6 8. d5
a5 9. Nfd2 Nc5 10. Nc3 Nba6 11. Nb3 Nb4 12. Qd1 Nxb3 13. Qxb3 d6 14. Be3 e5 15.
Bd2 Na6 16. Qc2 Nc5 17. b3 Qe7 18. Nb5 f4 19. Rad1 Bg5 20. Qc1 Bg4 21. Nc3 Rae8
22. f3 Bc8 23. e4 fxe3 1/2-1/2

[Event "XtraCon-Skakligaen"]
[Site "Denmark"]
[Date "2009.01.25"]
[Round "6.7"]
[White "Hansen, Martin"]
[Black "Dalsberg, Sandra de Blecourt"]
[Result "1-0"]
[WhiteElo "2125"]
[BlackElo "2056"]
[PlyCount "87"]
[EventDate "2008.11.01"]
[EventType "team-tourn"]
[EventRounds "9"]
[EventCountry "DEN"]
[WhiteTeam "Nastved"]
[BlackTeam "Helsingor"]
[WhiteTeamCountry "DEN"]
[BlackTeamCountry "DEN"]

1. e4 d5 2. exd5 Qxd5 3. Nc3 Qa5 4. d4 Nf6 5. Nf3 c6 6. Bc4 Bf5 7. Bd2 e6 8.
Nd5 Qd8 9. Nxf6+ Qxf6 10. Qe2 Nd7 11. Bg5 Qg6 12. O-O-O Be7 13. Bxe7 Kxe7 14.
h3 h5 15. Kb1 Nb6 16. Bb3 Be4 17. Nh4 Qh7 18. Rhe1 Bd5 19. Qe5 Kd7 20. Rd3 f6
21. Qe2 Rae8 22. Re3 g5 23. Nf3 Qf5 24. Nd2 Rh7 25. g4 hxg4 26. hxg4 Qg6 27.
Ne4 Kc7 28. Nc5 Bxb3 29. axb3 Nd5 30. Nxe6+ Kd6 31. Re4 Rhe7 32. f3 f5 33. gxf5
Qxf5 34. Nc5 Nf4 35. Qh2 Rh7 36. Qxh7 Qxh7 37. Rxe8 Qf5 38. Rd8+ Kc7 39. Rd7+
Qxd7 40. Nxd7 Kxd7 41. Re5 Nh3 42. Kc1 Kd6 43. Kd2 b6 44. b4 1-0

[Event "XtraCon-Skakligaen"]
[Site "Denmark"]
[Date "2009.01.25"]
[Round "6.8"]
[White "Molin, Claus"]
[Black "Pedersen, Dimon Paul"]
[Result "0-1"]
[WhiteElo "2003"]
[BlackElo "2095"]
[PlyCount "50"]
[EventDate "2008.11.01"]
[EventType "team-tourn"]
[EventRounds "9"]
[EventCountry "DEN"]
[WhiteTeam "Helsingor"]
[BlackTeam "Nastved"]
[WhiteTeamCountry "DEN"]
[BlackTeamCountry "DEN"]

1. d4 Nf6 2. c4 g6 3. Nc3 d5 4. cxd5 Nxd5 5. e4 Nxc3 6. bxc3 c5 7. Be3 Bg7 8.
Bc4 O-O 9. Ne2 Nc6 10. O-O Bd7 11. dxc5 Ne5 12. Bd5 Qc7 13. Rb1 Rab8 14. f3 e6
15. Bb3 Bb5 16. Bc2 Nc4 17. Bd4 Bxd4+ 18. Qxd4 Na3 19. Rxb5 Nxb5 20. Qb4 a6 21.
f4 Rbc8 22. a4 Na7 23. Nd4 Qxc5 24. Qxb7 Qxc3 25. Qxa7 Qe3+ 0-1

[Event "XtraCon-Skakligaen"]
[Site "Denmark"]
[Date "2009.01.25"]
[Round "6.1"]
[White "Rasmussen, Karsten"]
[Black "Pedersen, Nicolai Vesterbaek"]
[Result "1/2-1/2"]
[WhiteElo "2466"]
[BlackElo "2443"]
[PlyCount "74"]
[EventDate "2008.11.01"]
[EventType "team-tourn"]
[EventRounds "9"]
[EventCountry "DEN"]
[WhiteTeam "Aarhus/Skolerne"]
[BlackTeam "Aalborg"]
[WhiteTeamCountry "DEN"]
[BlackTeamCountry "DEN"]

1. Nf3 Nf6 2. c4 g6 3. g3 Bg7 4. Bg2 c6 5. d4 d5 6. cxd5 cxd5 7. Nc3 O-O 8. Ne5
e6 9. Bg5 h6 10. Bf4 g5 11. Be3 Nfd7 12. Nxd7 Bxd7 13. h4 g4 14. Qd2 Kh7 15. h5
Nc6 16. f3 gxf3 17. Bxf3 f5 18. g4 f4 19. Bf2 Qb6 20. Rd1 Rac8 21. O-O Qd8 22.
e4 fxe3 23. Bxe3 Qh4 24. Qg2 e5 25. Nxd5 Nxd4 26. Be4+ Kh8 27. Bxd4 exd4 28.
Nf4 Rf6 29. Ng6+ Rxg6 30. hxg6 d3 31. Rxd3 Bxg4 32. Bxb7 Re8 33. Bc6 Re2 34.
Rf2 Re1+ 35. Rf1 Re2 36. Rf2 Re1+ 37. Rf1 Re2 1/2-1/2

[Event "XtraCon-Skakligaen"]
[Site "Denmark"]
[Date "2009.01.25"]
[Round "6.2"]
[White "Pedersen, Daniel Vesterbaek"]
[Black "Sorensen, Jan"]
[Result "1/2-1/2"]
[WhiteElo "2234"]
[BlackElo "2439"]
[PlyCount "67"]
[EventDate "2008.11.01"]
[EventType "team-tourn"]
[EventRounds "9"]
[EventCountry "DEN"]
[WhiteTeam "Aalborg"]
[BlackTeam "Aarhus/Skolerne"]
[WhiteTeamCountry "DEN"]
[BlackTeamCountry "DEN"]

1. e4 e6 2. d4 d5 3. Nc3 Nc6 4. Nf3 Nf6 5. e5 Ne4 6. Ne2 f6 7. Ng3 fxe5 8. Bb5
exd4 9. Nxe4 dxe4 10. Nxd4 Qd5 11. Nxc6 a6 12. Ba4 Bd7 13. c4 Qxd1+ 14. Kxd1
Bc5 15. Ke2 Bxc6 16. Bxc6+ bxc6 17. Be3 Bxe3 18. Kxe3 Rd8 19. Rad1 Ke7 20. Kxe4
c5 21. Rxd8 Rxd8 22. Ke3 Rd4 23. Rc1 a5 24. Rc3 a4 25. b3 axb3 26. axb3 Rd1 27.
Rd3 Rb1 28. Ke4 Rb2 29. Rf3 Rd2 30. Ke3 Rb2 31. Ke4 Rd2 32. Ke3 Rb2 33. Ke4 Rd2
34. Ke3 1/2-1/2

[Event "XtraCon-Skakligaen"]
[Site "Denmark"]
[Date "2009.01.25"]
[Round "6.3"]
[White "Skytte, Rasmus"]
[Black "Nielsen, Steffen Slumstrup"]
[Result "1-0"]
[WhiteElo "2384"]
[BlackElo "2221"]
[PlyCount "53"]
[EventDate "2008.11.01"]
[EventType "team-tourn"]
[EventRounds "9"]
[EventCountry "DEN"]
[WhiteTeam "Aarhus/Skolerne"]
[BlackTeam "Aalborg"]
[WhiteTeamCountry "DEN"]
[BlackTeamCountry "DEN"]

1. e4 e5 2. Bc4 Nf6 3. d3 Be7 4. Nc3 O-O 5. f4 d6 6. Nf3 exf4 7. Bxf4 c6 8. O-O
Qb6+ 9. d4 Qxb2 10. Qd3 Qb6 11. e5 dxe5 12. Nxe5 Be6 13. Bxe6 fxe6 14. Rab1 Qa6
15. Qxa6 Nxa6 16. Rxb7 Bb4 17. Na4 Nd5 18. Nd3 Nxf4 19. Rxf4 Bd2 20. Re4 Rf6
21. g3 Raf8 22. Re2 Bg5 23. Rxa7 Nb8 24. Nac5 Re8 25. Ne4 Rg6 26. c3 Bf6 27.
Rb2 1-0

[Event "XtraCon-Skakligaen"]
[Site "Denmark"]
[Date "2009.01.25"]
[Round "6.4"]
[White "Hjorth, Torben"]
[Black "Rasmussen, Casper Dahl"]
[Result "0-1"]
[WhiteElo "2159"]
[BlackElo "2382"]
[PlyCount "116"]
[EventDate "2008.11.01"]
[EventType "team-tourn"]
[EventRounds "9"]
[EventCountry "DEN"]
[WhiteTeam "Aalborg"]
[BlackTeam "Aarhus/Skolerne"]
[WhiteTeamCountry "DEN"]
[BlackTeamCountry "DEN"]

1. e4 e5 2. Nf3 Nf6 3. Nxe5 d6 4. Nf3 Nxe4 5. Nc3 Nxc3 6. dxc3 Be7 7. Be3 Nc6
8. Qd2 O-O 9. O-O-O Ne5 10. Be2 Bf6 11. h4 Ng4 12. Ng5 Nxe3 13. Qxe3 Re8 14.
Qd2 h6 15. Nf3 Bg4 16. Rde1 c6 17. Nd4 Bxe2 18. Rxe2 Qd7 19. Rxe8+ Rxe8 20. Qf4
Re5 21. Rd1 d5 22. Nf3 Re8 23. g4 Bd8 24. c4 Bc7 25. Qd4 Bb6 26. c5 Bc7 27. c4
Re2 28. cxd5 cxd5 29. Rd2 Rxd2 30. Kxd2 b6 31. b4 Qa4 32. Ne1 Qxa2+ 33. Nc2 Qb3
34. Qd3 Bf4+ 35. Ke2 Qa2 36. Kf3 Be5 37. Ne3 bxc5 38. bxc5 d4 39. Nc4 Bf6 40.
g5 hxg5 41. hxg5 Bxg5 42. Qxd4 Qb3+ 43. Kg2 Qb7+ 44. Kg1 Bf6 45. Ne5 Qe7 46. f4
g5 47. Qd5 gxf4 48. Nd7 Bh4 49. Ne5 Qe6 50. Qxe6 fxe6 51. Kg2 Be7 52. c6 Bd6
53. Nd3 Kf8 54. Kf3 Ke7 55. Ke4 Kd8 56. Nxf4 Bxf4 57. Kxf4 Kc7 58. Ke5 Kxc6 0-1

[Event "XtraCon-Skakligaen"]
[Site "Denmark"]
[Date "2009.01.25"]
[Round "6.5"]
[White "Christensen, Tobias"]
[Black "Nielsen, Jorgen G"]
[Result "1-0"]
[WhiteElo "2347"]
[BlackElo "2159"]
[PlyCount "61"]
[EventDate "2008.11.01"]
[EventType "team-tourn"]
[EventRounds "9"]
[EventCountry "DEN"]
[WhiteTeam "Aarhus/Skolerne"]
[BlackTeam "Aalborg"]
[WhiteTeamCountry "DEN"]
[BlackTeamCountry "DEN"]

1. e4 e5 2. Nf3 Nc6 3. Nc3 d6 4. Be2 g6 5. d4 exd4 6. Nxd4 Bg7 7. Be3 Nf6 8. h4
h5 9. Qd2 Ng4 10. Nxc6 bxc6 11. Bg5 Qd7 12. f3 Ne5 13. O-O-O Qe6 14. b3 a5 15.
Rhe1 a4 16. f4 axb3 17. cxb3 f6 18. f5 gxf5 19. Bf4 Qf7 20. Bf3 O-O 21. exf5
Bxf5 22. Bxe5 fxe5 23. Bxc6 Kh7 24. Kb2 Bh6 25. Qe2 Ra5 26. Rf1 Qg6 27. Rxf5
Rxf5 28. Be4 Kg7 29. Qc2 Kf6 30. b4 Ra6 31. Nd5+ 1-0

[Event "XtraCon-Skakligaen"]
[Site "Denmark"]
[Date "2009.01.25"]
[Round "6.6"]
[White "Andersen, Soren"]
[Black "Jacobsen, Bo"]
[Result "0-1"]
[WhiteElo "2018"]
[BlackElo "2315"]
[PlyCount "68"]
[EventDate "2008.11.01"]
[EventType "team-tourn"]
[EventRounds "9"]
[EventCountry "DEN"]
[WhiteTeam "Aalborg"]
[BlackTeam "Aarhus/Skolerne"]
[WhiteTeamCountry "DEN"]
[BlackTeamCountry "DEN"]

1. d4 Nf6 2. c4 c5 3. d5 e5 4. Nc3 d6 5. e4 Nbd7 6. Nge2 h5 7. h4 Be7 8. g3 b5
9. cxb5 a6 10. bxa6 c4 11. Ng1 Bxa6 12. Nf3 O-O 13. Be2 Nc5 14. Ng5 Nd3+ 15.
Bxd3 cxd3 16. Bd2 Qb6 17. Rb1 Ng4 18. O-O Bxg5 19. hxg5 f5 20. gxf6 Rxf6 21.
Qe1 Rf3 22. Kg2 Raf8 23. Nd1 g5 24. b4 h4 25. Be3 Nxe3+ 26. Nxe3 Qd4 27. Nf5 d2
28. Nxd4 dxe1=Q 29. Rfxe1 Rxf2+ 30. Kg1 exd4 31. b5 Bc8 32. a4 Bh3 33. gxh4
Rg2+ 34. Kh1 Rff2 0-1

[Event "XtraCon-Skakligaen"]
[Site "Denmark"]
[Date "2009.01.25"]
[Round "6.7"]
[White "Pedersen, Finn"]
[Black "Sonderstrup, Bjarne"]
[Result "1-0"]
[WhiteElo "2312"]
[BlackElo "2059"]
[PlyCount "95"]
[EventDate "2008.11.01"]
[EventType "team-tourn"]
[EventRounds "9"]
[EventCountry "DEN"]
[WhiteTeam "Aarhus/Skolerne"]
[BlackTeam "Aalborg"]
[WhiteTeamCountry "DEN"]
[BlackTeamCountry "DEN"]

1. d4 Nf6 2. Nf3 b6 3. Bf4 Bb7 4. e3 e6 5. Nbd2 Be7 6. h3 d5 7. c3 O-O 8. Qb1
Ba6 9. Bxa6 Nxa6 10. Ne5 Nb8 11. O-O Nfd7 12. c4 Nxe5 13. Bxe5 Nd7 14. Bg3 Bb4
15. Nf3 dxc4 16. Rc1 Bd6 17. Bxd6 cxd6 18. Rxc4 Rc8 19. Qc2 b5 20. Rc6 Nb6 21.
Rc1 Qd7 22. Kh2 Rfd8 23. Ng5 Rxc6 24. Qxc6 h6 25. Qxd7 Rxd7 26. Ne4 Kf8 27. Rc6
Ke7 28. Nc3 b4 29. Nb5 a6 30. Rxb6 axb5 31. Rxb5 Ra7 32. Rxb4 Rxa2 33. e4 Ra1
34. Rb7+ Kf6 35. Rb6 Ke7 36. Kg3 Rd1 37. Rb7+ Kf6 38. e5+ dxe5 39. dxe5+ Kg6
40. Kf3 Rd2 41. Ke3 Rc2 42. g4 Rc1 43. h4 f5 44. h5+ Kh7 45. gxf5 exf5 46. Kf4
Rh1 47. e6 Rxh5 48. e7 1-0

[Event "XtraCon-Skakligaen"]
[Site "Denmark"]
[Date "2009.01.25"]
[Round "6.8"]
[White "Lysberg, Jan Peter"]
[Black "Andersen, Jackie"]
[Result "0-1"]
[WhiteElo "1905"]
[BlackElo "2261"]
[PlyCount "46"]
[EventDate "2008.11.01"]
[EventType "team-tourn"]
[EventRounds "9"]
[EventCountry "DEN"]
[WhiteTeam "Aalborg"]
[BlackTeam "Aarhus/Skolerne"]
[WhiteTeamCountry "DEN"]
[BlackTeamCountry "DEN"]

1. d4 g6 2. Bf4 Bg7 3. e3 d6 4. Bc4 Nf6 5. Nc3 O-O 6. h3 d5 7. Be2 c5 8. Nf3
Nc6 9. Ne5 cxd4 10. Nxc6 bxc6 11. exd4 c5 12. O-O cxd4 13. Nb5 Ne8 14. Nxd4 e5
15. Nc6 Qd6 16. Bf3 exf4 17. Qxd5 Bb7 18. Rfe1 Bxc6 19. Qxc6 Qxc6 20. Bxc6 Rc8
21. Ba4 Bxb2 22. Rab1 Bd4 23. Rbd1 Bc3 0-1

[Event "XtraCon-Skakligaen"]
[Site "Denmark"]
[Date "2009.01.25"]
[Round "6.1"]
[White "Lund, Silas"]
[Black "Hoi, Carsten"]
[Result "1/2-1/2"]
[WhiteElo "2425"]
[BlackElo "2371"]
[PlyCount "42"]
[EventDate "2008.11.01"]
[EventType "team-tourn"]
[EventRounds "9"]
[EventCountry "DEN"]
[WhiteTeam "K41"]
[BlackTeam "Bronshoj"]
[WhiteTeamCountry "DEN"]
[BlackTeamCountry "DEN"]

1. d4 d5 2. c4 dxc4 3. Nf3 Nf6 4. e3 Bg4 5. Bxc4 e6 6. h3 Bh5 7. O-O Nc6 8. Nc3
Bd6 9. Bb5 O-O 10. Bxc6 bxc6 11. e4 Be7 12. Be3 Rb8 13. Rb1 Qc8 14. Qe2 h6 15.
Bf4 Nd7 16. Rfd1 Bd6 17. e5 Be7 18. g4 Bg6 19. Rbc1 Qb7 20. Rd2 Nb6 21. a3 Nd5
1/2-1/2

[Event "XtraCon-Skakligaen"]
[Site "Denmark"]
[Date "2009.01.25"]
[Round "6.2"]
[White "Carstensen, Jacob"]
[Black "Semcesen, Daniel"]
[Result "0-1"]
[WhiteElo "2298"]
[BlackElo "2402"]
[PlyCount "142"]
[EventDate "2008.11.01"]
[EventType "team-tourn"]
[EventRounds "9"]
[EventCountry "DEN"]
[WhiteTeam "Bronshoj"]
[BlackTeam "K41"]
[WhiteTeamCountry "DEN"]
[BlackTeamCountry "DEN"]

1. d4 b6 2. e4 e6 3. Bd3 Bb7 4. Nf3 c5 5. c3 Nf6 6. Qe2 d5 7. e5 Nfd7 8. Ng5
Be7 9. Qg4 Ba6 10. Bxa6 Nxa6 11. O-O O-O 12. Nxe6 fxe6 13. Qxe6+ Rf7 14. Qxd5
Nf8 15. Qe4 Nc7 16. Be3 Qd5 17. Nd2 Nfe6 18. Rad1 Qxa2 19. b3 cxd4 20. Ra1 Qxa1
21. Rxa1 dxe3 22. fxe3 Rd8 23. Nf3 a5 24. h4 Nc5 25. Qc6 Nd5 26. b4 axb4 27.
cxb4 Nxb4 28. Qxb6 Nd5 29. Qc6 Nxe3 30. Ra8 Rff8 31. Rxd8 Rxd8 32. Kf2 Nd5 33.
Kg3 Ne3 34. Qc7 Ne6 35. Qb6 Nf5+ 36. Kh3 Nfd4 37. g3 Bc5 38. Qa6 Kf7 39. Qd3
Nxf3 40. Qxf3+ Ke7 41. Qe4 h6 42. Qf3 Bd4 43. Qa3+ Kf7 44. Qf3+ Kg8 45. Qc6 Kf7
46. Qf3+ Ke7 47. Qa3+ Bc5 48. Qf3 Rb8 49. Kg4 Rb6 50. Qa8 Nf8 51. Qd5 Nd7 52.
Qg8 Rg6+ 53. Kf5 Rxg3 54. Qe6+ Kd8 55. Qd5 Re3 56. Qg8+ Bf8 57. Kg6 Rxe5 58.
Qf7 Re4 59. Qf2 Re6+ 60. Kh7 g5 61. hxg5 hxg5 62. Qf3 g4 63. Qf5 Ke7 64. Kg8
Bh6 65. Kh8 g3 66. Qg4 Be3 67. Qg7+ Ke8 68. Qg8+ Nf8 69. Qf7+ Kd8 70. Qf3 Bd4+
71. Kg8 Rg6+ 0-1

[Event "XtraCon-Skakligaen"]
[Site "Denmark"]
[Date "2009.01.25"]
[Round "6.3"]
[White "Smith, Axel"]
[Black "Aabling Thomsen, Jakob"]
[Result "0-1"]
[WhiteElo "2391"]
[BlackElo "2246"]
[PlyCount "72"]
[EventDate "2008.11.01"]
[EventType "team-tourn"]
[EventRounds "9"]
[EventCountry "DEN"]
[WhiteTeam "K41"]
[BlackTeam "Bronshoj"]
[WhiteTeamCountry "DEN"]
[BlackTeamCountry "DEN"]

1. Nf3 Nf6 2. c4 g6 3. Nc3 Bg7 4. e4 d6 5. d4 O-O 6. Be2 Na6 7. O-O e5 8. Be3
Qe8 9. dxe5 dxe5 10. Nd2 c6 11. c5 Nc7 12. b4 Ne6 13. Nc4 Nf4 14. Nd6 Qe7 15.
Bc4 Be6 16. Bxe6 Nxe6 17. f3 Rfd8 18. Rf2 Ne8 19. Rd2 Nxd6 20. cxd6 Qf8 21. Ne2
Rd7 22. a4 Rad8 23. Bxa7 Bh6 24. Rd3 Rxd6 25. Rxd6 Rxd6 26. Qb3 Qd8 27. a5 Rd3
28. Qb1 Rd2 29. Kf1 Nd4 30. Nxd4 exd4 31. Ra2 Qg5 32. Rxd2 Qxd2 33. Qe1 Qc3 34.
e5 Bd2 35. Qe4 Be3 36. g3 Qd2 0-1

[Event "XtraCon-Skakligaen"]
[Site "Denmark"]
[Date "2009.01.25"]
[Round "6.5"]
[White "Olesen, Martin"]
[Black "Petersen, Steen"]
[Result "1-0"]
[WhiteElo "2312"]
[BlackElo "2135"]
[PlyCount "67"]
[EventDate "2008.11.01"]
[EventType "team-tourn"]
[EventRounds "9"]
[EventCountry "DEN"]
[WhiteTeam "K41"]
[BlackTeam "Bronshoj"]
[WhiteTeamCountry "DEN"]
[BlackTeamCountry "DEN"]

1. e4 e5 2. Nf3 Nc6 3. d4 exd4 4. Nxd4 Nf6 5. Nxc6 bxc6 6. e5 Qe7 7. Qe2 Nd5 8.
c4 Nb6 9. Nc3 Qe6 10. Qe4 g6 11. f4 d5 12. exd6 cxd6 13. Bd2 f5 14. Qxe6+ Bxe6
15. b3 Bg7 16. O-O-O d5 17. c5 d4 18. Ne2 Nd5 19. Ba5 Ne3 20. Nxd4 Bd5 21. Rd2
Kf7 22. Nf3 Rhe8 23. h4 Bxf3 24. gxf3 Re7 25. Ba6 Bh6 26. Bd8 Rxd8 27. Rxd8
Bxf4 28. Kb1 Kg7 29. Re1 Bg3 30. Re2 Bxh4 31. Rd6 g5 32. Bd3 g4 33. fxg4 f4 34.
Rh2 1-0

[Event "XtraCon-Skakligaen"]
[Site "Denmark"]
[Date "2009.01.25"]
[Round "6.6"]
[White "Brinck Claussen, Bjorn"]
[Black "Clausen, Steen"]
[Result "1-0"]
[WhiteElo "2209"]
[BlackElo "2224"]
[PlyCount "47"]
[EventDate "2008.11.01"]
[EventType "team-tourn"]
[EventRounds "9"]
[EventCountry "DEN"]
[WhiteTeam "Bronshoj"]
[BlackTeam "K41"]
[WhiteTeamCountry "DEN"]
[BlackTeamCountry "DEN"]

1. e4 d6 2. d4 g6 3. Nc3 Bg7 4. f4 c6 5. Be3 b5 6. Bd3 Nd7 7. Nf3 a6 8. O-O Nb6
9. Qe2 Bg4 10. h3 Bxf3 11. Qxf3 Nc4 12. Bxc4 bxc4 13. f5 g5 14. Rad1 Rb8 15. e5
d5 16. Bxg5 f6 17. e6 Kf8 18. Bf4 Ra8 19. Na4 h5 20. Nc5 Ra7 21. b3 Nh6 22.
Qxh5 Qe8 23. Qxe8+ Kxe8 24. g4 1-0

[Event "XtraCon-Skakligaen"]
[Site "Denmark"]
[Date "2009.01.25"]
[Round "6.7"]
[White "Laursen, Niels Norskov"]
[Black "Pedersen, Peter Brondt"]
[Result "1/2-1/2"]
[WhiteElo "2188"]
[BlackElo "2106"]
[PlyCount "83"]
[EventDate "2008.11.01"]
[EventType "team-tourn"]
[EventRounds "9"]
[EventCountry "DEN"]
[WhiteTeam "K41"]
[BlackTeam "Bronshoj"]
[WhiteTeamCountry "DEN"]
[BlackTeamCountry "DEN"]

1. e4 c5 2. Nf3 e6 3. d3 Nc6 4. g3 g6 5. Bg2 Bg7 6. c3 Nge7 7. Be3 b6 8. d4 d6
9. O-O O-O 10. Qd2 e5 11. dxc5 dxc5 12. Rd1 Ba6 13. Na3 Qc8 14. Qe1 Qe6 15. Rd2
Rad8 16. Ng5 Qc8 17. Rxd8 Rxd8 18. Nf3 Qg4 19. Nd2 h5 20. Bf3 Qh3 21. Ndc4 Qe6
22. Be2 Bb7 23. Rd1 Nc8 24. Rxd8+ Nxd8 25. Qd1 Bf6 26. Qc2 Be7 27. Bc1 a6 28.
b3 b5 29. Ne3 Nb6 30. Bf3 Qd6 31. h4 Ne6 32. Qd2 Qxd2 33. Bxd2 c4 34. b4 Nc7
35. Bg2 Ne8 36. Nac2 Nd6 37. f3 f6 38. Bh3 Kf7 39. Kf1 Bc8 40. Bxc8 Ndxc8 41.
Ke2 Ke6 42. Nd1 1/2-1/2

[Event "XtraCon-Skakligaen"]
[Site "Denmark"]
[Date "2009.01.25"]
[Round "6.8"]
[White "Varberg, Kenneth"]
[Black "Andreasen, Joan Hendrik"]
[Result "0-1"]
[WhiteElo "2171"]
[BlackElo "2179"]
[PlyCount "90"]
[EventDate "2008.11.01"]
[EventType "team-tourn"]
[EventRounds "9"]
[EventCountry "DEN"]
[WhiteTeam "Bronshoj"]
[BlackTeam "K41"]
[WhiteTeamCountry "DEN"]
[BlackTeamCountry "DEN"]

1. c4 Nf6 2. Nc3 e5 3. g3 d5 4. cxd5 Nxd5 5. Bg2 Nb6 6. Nf3 Nc6 7. O-O Be7 8.
d3 O-O 9. Rb1 Bg4 10. a3 Qd7 11. Re1 Bh3 12. Bh1 Be6 13. b4 a6 14. Ne4 Nd5 15.
Bb2 f6 16. Rc1 a5 17. Nc5 Bxc5 18. bxc5 a4 19. e4 Nde7 20. d4 Bb3 21. Qd2 exd4
22. Nxd4 Nxd4 23. Qxd4 Qxd4 24. Bxd4 Nc6 25. Be3 Rad8 26. Rc3 Rd7 27. Bf3 Rfd8
28. Be2 Nd4 29. Bc1 c6 30. Kg2 Nxe2 31. Rxe2 Rd1 32. f3 Kf7 33. h4 Ke6 34. h5
R8d3 35. Rxd3 Rxd3 36. Bb2 Bd1 37. Rf2 Rb3 38. g4 Bxf3+ 39. Kg3 Bxe4+ 40. Kf4
Bd5 41. g5 Bf3 42. h6 fxg5+ 43. Kxg5 gxh6+ 44. Kxh6 Be4 45. Rd2 Bd3 0-1

[Event "XtraCon-Skakligaen"]
[Site "Denmark"]
[Date "2009.01.25"]
[Round "6.2"]
[White "Brynell, Stellan"]
[Black "Berg, Emanuel"]
[Result "1/2-1/2"]
[WhiteElo "2447"]
[BlackElo "2623"]
[PlyCount "42"]
[EventDate "2008.11.01"]
[EventType "team-tourn"]
[EventRounds "9"]
[EventCountry "DEN"]
[WhiteTeam "Nordkalotten"]
[BlackTeam "Helsinge"]
[WhiteTeamCountry "DEN"]
[BlackTeamCountry "DEN"]

1. d4 f5 2. g3 Nf6 3. Bg2 g6 4. Nf3 Bg7 5. O-O O-O 6. c4 d6 7. b3 Ne4 8. Bb2
Nc6 9. Nbd2 Nxd2 10. Qxd2 e5 11. dxe5 dxe5 12. Qd5+ Kh8 13. Qxd8 Rxd8 14. Rad1
e4 15. Rxd8+ Nxd8 16. Bxg7+ Kxg7 17. Nd4 Ne6 18. Rd1 Nxd4 19. Rxd4 Be6 20. f3
exf3 21. exf3 c5 1/2-1/2

[Event "XtraCon-Skakligaen"]
[Site "Denmark"]
[Date "2009.01.25"]
[Round "6.3"]
[White "Glud, Jakob Vang"]
[Black "Ahlander, Bjorn"]
[Result "1/2-1/2"]
[WhiteElo "2444"]
[BlackElo "2399"]
[PlyCount "63"]
[EventDate "2008.11.01"]
[EventType "team-tourn"]
[EventRounds "9"]
[EventCountry "DEN"]
[WhiteTeam "Helsinge"]
[BlackTeam "Nordkalotten"]
[WhiteTeamCountry "DEN"]
[BlackTeamCountry "DEN"]

1. c4 e6 2. d4 Nf6 3. Nc3 Bb4 4. e3 c5 5. Nge2 cxd4 6. exd4 O-O 7. a3 Be7 8.
Nf4 d5 9. cxd5 Nxd5 10. Nfxd5 exd5 11. Be3 Nc6 12. Bb5 Bf6 13. O-O Ne7 14. Qb3
Be6 15. Bd3 Qd7 16. Rac1 Rfd8 17. Rfe1 Rac8 18. Bb5 Qd6 19. Bd3 Qd7 20. Na4 b6
21. Nc3 Nf5 22. Ba6 Rc7 23. Ne2 Nxe3 24. Qxe3 h6 25. Rxc7 Qxc7 26. Rc1 Qd6 27.
Qg3 Qxg3 28. hxg3 Kf8 29. f3 Ke7 30. Kf2 Kd6 31. Ke3 Bd7 32. Kd3 1/2-1/2

[Event "XtraCon-Skakligaen"]
[Site "Denmark"]
[Date "2009.01.25"]
[Round "6.4"]
[White "Jakobsen, Peter"]
[Black "Bekker Jensen, Simon"]
[Result "0-1"]
[WhiteElo "2219"]
[BlackElo "2410"]
[PlyCount "58"]
[EventDate "2008.11.01"]
[EventType "team-tourn"]
[EventRounds "9"]
[EventCountry "DEN"]
[WhiteTeam "Nordkalotten"]
[BlackTeam "Helsinge"]
[WhiteTeamCountry "DEN"]
[BlackTeamCountry "DEN"]

1. d4 Nf6 2. c4 g6 3. Nc3 Bg7 4. e4 d6 5. f3 O-O 6. Be3 c5 7. dxc5 dxc5 8. Qxd8
Rxd8 9. Bxc5 Nc6 10. Nge2 b6 11. Ba3 Ba6 12. Nb5 Rac8 13. Nec3 Bxb5 14. cxb5
Nd4 15. O-O-O e6 16. Bd3 Nd7 17. f4 Bh6 18. g3 g5 19. Be7 gxf4 20. Bxd8 f3+ 21.
Kb1 Rxd8 22. e5 Nxe5 23. h3 f6 24. Rhe1 Kh8 25. Bf1 f2 26. Re4 Nef3 27. Ne2 Nc6
28. Kc2 Ne1+ 29. Kb3 Na5+ 0-1